Vedic sanskriti ka sandesh (Record no. 397035)

MARC details
000 -LEADER
fixed length control field 00566 a2200205 4500
005 - DATE & TIME
control field 20260513105725.0
008 - FIXED-LENGTH DATA ELEMENTS--GENERAL INFORMATION
fixed length control field 260513b |||||||| |||| 00| 0 eng d
020 ## - ISBN
International Standard Book Number 9788170770169
Price Rs. 175.00
040 ## - CATALOGING SOURCE
Original cataloging agency VIVEKANANDA LIBRARY
082 ## - DDC NUMBER
Classification number 294.1
Book Number S13V
100 ## - MAIN ENTRY--PERSONAL NAME
Personal name Siddhantalankar, Satyavrat
245 ## - TITLE STATEMENT
Title Vedic sanskriti ka sandesh
260 ## - PUBLICATION, DISTRIBUTION, ETC. (IMPRINT)
Place of publication, distribution, etc Delhi
Name of publisher, distributor, etc Vijaykumar Govindram Hasanand
Date of publication, distribution, etc 2021
300 ## - PHYSICAL DESCRIPTION
Pages viii, 334
650 ## - Subject
Subject Vedic Culture
650 ## - Subject
Subject Hindu Civilization
650 ## - Subject
Subject Hinduism and Cultue
650 ## - Subject
Subject Vedic Literature-Philosophy
942 ## - ADDED ENTRY ELEMENTS (KOHA)
Koha item type Books
Holdings
Withdrawn status Lost status Source of classification or shelving scheme Damaged status Not for loan Location (home branch) Sublocation or collection (holding branch) Shelving location Date acquired Koha issues (times borrowed) Koha full call number Accession No. Koha date last seen Koha item type
    Dewey Decimal Classification     VIVEKANANDA LIBRARY VIVEKANANDA LIBRARY Vivekananda Library 11/03/2026   294.1 S13V 438688 11/03/2026 Books
    Dewey Decimal Classification     VIVEKANANDA LIBRARY VIVEKANANDA LIBRARY Vivekananda Library 11/03/2026   294.1 S13V 438687 11/03/2026 Books
© Designed and Maintained by Vivekananda Library, MDU Rohtak